| 000 | 00446nam a2200169 a 4500 | ||
|---|---|---|---|
| 005 | 20140310183348.0 | ||
| 008 | 070526s19uu xx 00 eng d | ||
| 020 | _a0061001023 | ||
| 050 |
_aPS 3537 _b.St849 1990 |
||
| 100 | _aStewart, Michael | ||
| 245 |
_aBirthright. _cMichael Stewart |
||
| 260 |
_aNew York : _bHarper Collins Publishers, _c1990. |
||
| 300 |
_a449 p. : _c17 cm. |
||
| 650 | _aFiction. | ||
| 942 |
_cBK _2lcc |
||
| 999 |
_c22012 _d22012 |
||